| 000 | 00475cam a2200193ua 4500 | ||
|---|---|---|---|
| 020 |
_a81-7180-233-8 _c17.00 |
||
| 041 |
_amal _h |
||
| 082 |
_a894.8124 _bTHO/DH |
||
| 100 | _aThomas, C J . | ||
| 245 |
_aDhikkariyude kathal / _cC J Thomas. _hTextual Documents |
||
| 260 |
_aCalicut : _bPoorna Publications , _c1991. |
||
| 300 | _a132 ; . | ||
| 365 | _a17.00 | ||
| 504 | _a | ||
| 942 | _cBK | ||
| 999 |
_c5924 _d5924 |
||